Ideología y curriculo (Registro nro. 323871)

Detalles MARC
000 -ENCABEZADO
Número de control [NR] 00874nam a22002417a 4500
005 - FECHA Y HORA DE LA ÚLTIMA TRANSACCIÓN
control field 20240524071710.0
008 - DE LONGITUD FIJA DE DATOS DE ELEMENTOS - INFORMACIÓN GENERAL
Elementos de longitud fija [NR] 240215t ||||| |||| 00| 0 spa d
020 ## - NUMERO INTERNACIONAL NORMALIZADO PARA LIBROS [R]
Número Internacional Normalizado del libro [NR] 8476001304
040 ## - FUENTE DE CATALOGACION [NR]
Agencia de catalogación original [NR] CO-BoUCM
Quien Cataloga David Moreno
Quien Clasifica David Moreno
041 ## - CODIGO DE IDIOMA [R]
Código de idioma para texto/pista de sonido o título separado [R] Español
100 1# - ASIENTO PRINCIPAL--NOMBRE PERSONAL [NR]
Nombre personal [NR] Apple, Michael W.
Fechas asociadas con el nombre [NR] 1942-
ID Autoridad 179900
245 ## - MENCION DE TITULO [NR]
Título [NR] Ideología y curriculo
Mención de responsabilidad, etc. [NR] Michael W. Apple ; traducción de Rafael Lassaletta.
250 ## - MENCION DE EDICION [NR]
Mención de edición [NR] 2a edicion
260 ## - PUBLICACION, DISTRIBUCION, ETC. (PIE DE IMPRENTA) [R]
Lugar de publicación, distribución, etc. [R] Madrid
Nombre del editor, distribuidor, etc. [R] Aka
Fecha de publicación, distribución, etc. [R] 2008
300 ## - DESCRIPCION FISICA [R]
Extensión [R] 224 Paginas
490 ## - MENCION DE SERIE [R]
Mención de serie [R] Akal universitaria. Educación ; 101
650 17 - ASIENTO SECUNDARIO DE MATERIA - TERMINO TEMATICO [R]
Término temático o nombre geográfico como elemento de entrada [NR] Sociología de la educación
Subdivisión general [R] Cambio social
9 (RLIN) 179901
650 17 - ASIENTO SECUNDARIO DE MATERIA - TERMINO TEMATICO [R]
Término temático o nombre geográfico como elemento de entrada [NR] Sistemas de enseñanza
Subdivisión general [R] Cambios curriculares
9 (RLIN) 179902
650 17 - ASIENTO SECUNDARIO DE MATERIA - TERMINO TEMATICO [R]
Término temático o nombre geográfico como elemento de entrada [NR] Currículo
Subdivisión general [R] Planes de estudio
9 (RLIN) 179903
700 1# - ASIENTO SECUNDARIO - NOMBRE PERSONAL [R]
Nombre personal [NR] Lassaletta, Rafael
Término de relación [R] traductor
9 (RLIN) 159244
942 ## - ELEMENTOS DE ENTRADA AGREGADOS (KOHA)
Sistema de clasificación DEWEY
Tema principal Sociología
Tipo de ítem principal el descrito en 300a Libro
Edición 2
Clasificación 375
Parte restante de la signatura top. A66i
Título oculto en OPAC No
Existencias
Fecha de último préstamo Total préstamos Signatura topográfica Código de barras Última vez visto Ejemplar Price effective from Tipo de ítem Perdido Sistema de clasificación Dañado No prestable Tipo de ítem específico Suprimido Ubicación habitual Ubicación actual Localización Fecha de creación Forma de adquisición Costo
27/02/2024 1 375 A66i 100172299 05/12/2025 Ej.1 15/02/2024 Libro   DEWEY     Libro   Claustro Claustro 2do piso 15/02/2024 Compra 131736.00